The Kennedy Administration - Statistics

General Stats
  • This quiz has been taken 28 times
  • The average score is 10 of 12
Answer Stats
Hint Answers % Correct
Lyndon Baines _______ was the Vice President from 1961 - 1963 Johnson
100%
The outgoing President had been President since ____ 1953
95%
JFK was the __th US President 35
95%
The funeral was held on the __th of November 1963 25
90%
The _____ _______ Crisis was one of the challenges of the Kennedy Administration Cuban Missile
90%
JFK was assassinated while riding in a motorcade in ______ Dallas
90%
This Vice President was defeated by JFK in the 1960 election Nixon
90%
Kennedy was buried at _________ National Cemetery Arlington
86%
_________ Kennedy was the incoming First Lady Jacqueline
81%
This woman was the outgoing First Lady in 1961 Mamie Eisenhower
71%
This poet was called to read at Kennedy's 1961 inauguration Frost
52%
_____ was born to JFK and his wife just weeks after winning the election JFK Jr
38%
No matching quizzes found
Score Distribution
Percent of People with Each Score
Percentile by Number Answered
Your Score History
You have not taken this quiz